000 00464nam a2200157Ia 4500
003 GCL
008 140319s9999 xx 000 0 ara d
040 _aGCL /
_cGCL
082 0 4 _a415.1
_bم ب
100 1 _aمحمد حماسة عبداللطيف
245 1 0 _aبناء الجملة العربية /
_cمحمد حماسة عبداللطيف
300 _a339 ص
490 _a100 قصة
_v0
650 0 4 _aاللغة العربية - النحو
942 _2ddc
_cBK
999 _c44977
_d44977